مكتبة جامعة عجلون الوطنية

فهرس بحث المكتبة

Normal view MARC view
  • تنظيم الأسرة -- تنظيم النسل -- التأمين الصحي -- الاردن -- السكان

Entry Topical Term

Number of records used in: 1

001 - CONTROL NUMBER

  • control field: 46175

003 - CONTROL NUMBER IDENTIFIER

  • control field: JO-AjAnu

005 - DATE AND TIME OF LATEST TRANSACTION

  • control field: 20230606081631.0

008 - FIXED-LENGTH DATA ELEMENTS

  • fixed length control field: 230606|| aca||aabn | a|a d

040 ## - CATALOGING SOURCE

  • Original cataloging agency: JO-AjAnu
  • Transcribing agency: JO-AjAnu

150 ## - HEADING--TOPICAL TERM

  • Topical term or geographic name entry element: تنظيم الأسرة -- تنظيم النسل -- التأمين الصحي -- الاردن -- السكان

670 ## - SOURCE DATA FOUND

  • Source citation: Work cat.: (JO-AjAnu)23636: الأردن، المجلس الأعلى للسكان, author 46174, دراسة الجدوى الاقتصادية من شمول وسائل تنظيم الأسرة ضمن برامج التأمين الصحي في مؤسسات القطاعين العام والخاص